<?xml version="1.0" encoding="UTF-8"?>
<record
    xmlns:xsi="http://www.w3.org/2001/XMLSchema-instance"
    xsi:schemaLocation="http://www.loc.gov/MARC21/slim http://www.loc.gov/standards/marcxml/schema/MARC21slim.xsd"
    xmlns="http://www.loc.gov/MARC21/slim">

  <leader>01864nam a22001697a 4500</leader>
  <controlfield tag="008">180416b        xxu||||| |||| 00| 0 eng d</controlfield>
  <datafield tag="020" ind1=" " ind2=" ">
    <subfield code="a">9780321469526</subfield>
  </datafield>
  <datafield tag="050" ind1=" " ind2=" ">
    <subfield code="a">HB171.5.P313</subfield>
  </datafield>
  <datafield tag="100" ind1=" " ind2=" ">
    <subfield code="a">Parkin, Michael.</subfield>
  </datafield>
  <datafield tag="245" ind1=" " ind2=" ">
    <subfield code="a">Economics. /</subfield>
  </datafield>
  <datafield tag="250" ind1=" " ind2=" ">
    <subfield code="a">8th ed.</subfield>
  </datafield>
  <datafield tag="260" ind1=" " ind2=" ">
    <subfield code="a">Singapore:</subfield>
    <subfield code="b">Pearson,</subfield>
    <subfield code="c">2008.</subfield>
  </datafield>
  <datafield tag="300" ind1=" " ind2=" ">
    <subfield code="a">xlvi, 798p. : ill. ;</subfield>
    <subfield code="c">24cm.</subfield>
  </datafield>
  <datafield tag="500" ind1=" " ind2=" ">
    <subfield code="a">Includes glossary and index.</subfield>
  </datafield>
  <datafield tag="505" ind1=" " ind2=" ">
    <subfield code="a">Contents: Part 1: Introduction: 1. What is economics? -- 2. The economic problem -- Part 2: How markets work: 3. Demand and supply -- 4. Elasticity -- 5. Efficiency and equity -- 6. Markets in action -- Part 3: Households' choice  -- 7. Utility and demand -- 8. Possibilities, Preferences, and choices -- Part 4: Firms and markets: 9. Organizing production -- 10. Output and costs -- 11. Perfect competition -- 12 Monopoly -- 13. Monopolistic competition and oligopoly -- Part 5: Market failue and government:  -- 14. Regulation and antitrust law -- 15. Externalities -- 16. Public goods and common resources  -- Part 6: Factor markets, inequality, and uncertainty: 17. Markets for factors of production -- 18. Economic inequality -- 19. Uncertainty and information -- Macroeconomic overview: 20. A first look at macroeconomics -- 21. Measuring GDP and economic -- 22. Monitoring jobs and the price level -- Part 8: The economy in the long run: 23. At full employment: the classical model -- 24. Economic growth -- 25. Money, the price level, and inflation -- 26. The exchange rate and the balance of payments -- Part 9: The economy in the short run: 27. Aggregate supply and aggregate demand -- 28. Expenditure multipliers: the Keynesian model -- 29. U.S. inflation, unemployment, and business cycles -- Part 10: Macroeconomic policy -- 30. Fiscal policy -- 31. Monetary policy -- Part 11. The global economy: 32. Trading with the world.</subfield>
  </datafield>
  <datafield tag="942" ind1=" " ind2=" ">
    <subfield code="2">lcc</subfield>
    <subfield code="c">BK</subfield>
  </datafield>
  <datafield tag="999" ind1=" " ind2=" ">
    <subfield code="c">6561</subfield>
    <subfield code="d">14061</subfield>
  </datafield>
  <datafield tag="952" ind1=" " ind2=" ">
    <subfield code="0">0</subfield>
    <subfield code="1">0</subfield>
    <subfield code="2">lcc</subfield>
    <subfield code="4">0</subfield>
    <subfield code="7">0</subfield>
    <subfield code="a">WIUC-1</subfield>
    <subfield code="b">WIUC-1</subfield>
    <subfield code="c">GEN</subfield>
    <subfield code="d">2018-04-16</subfield>
    <subfield code="l">0</subfield>
    <subfield code="o">HB 171. 5 . P313</subfield>
    <subfield code="p">8188/006/18</subfield>
    <subfield code="r">2018-04-16 00:00:00</subfield>
    <subfield code="t">1</subfield>
    <subfield code="w">2018-04-16</subfield>
    <subfield code="y">BK</subfield>
  </datafield>
</record>
